Statistics for Canadian Prime Ministers

Click here to take the quiz!

General Stats

  • This quiz has been taken 38 times
    (13 since last reset)
  • The average score is 22 of 28

Answer Stats

HintAnswer% Correct
2015 -Justin Trudeau
100%
2003-2006Paul Martin
100%
1993-2003Jean Chretien
100%
1968-1979 | 1980-1984Pierre Elliot Trudeau
100%
1957-1963John Diefenbaker
92%
2006-2014Stephen Harper
92%
1984-1993Brian Mulroney
92%
1815-1873 | 1878-1891John A. MacDonald
92%
1963-1968Lester B. Pearson
85%
1979-1980Joe Clark
85%
1921-1926 | 1926-1930 | 1935-1948William Lyon Mackenzie King
77%
1911-1920Sir Robert Borden
77%
1896-1911Sir Wilfrid Laurier
77%
1984John Turner
77%
1993Kim Campbell
77%
1873-1878Alexander MacKenzie
69%
1948-1957Louis St. Laurent
69%
1920-1921 | 1926Arthur Meighen
62%
1930-1935R.B. Bennett
62%
1896Sir Charles Tupper
54%
1892-1894Sir John Thompson
54%
1894-1896Sir Mackenzie Bowell
46%
1891-1892SIr John Abbott
38%

Score Distribution

Percentile by Number Answered

Percent of People with Each Score

Your Score History

You have not taken this quiz since the last reset